Textbook of Midwifery/Obstetrics & Gynecology (OBG) Nursing - I (Record no. 369364)

MARC details
000 -LEADER
fixed length control field 00534nam a2200181 4500
005 - DATE AND TIME OF LATEST TRANSACTION
control field 20251211165421.0
008 - FIXED-LENGTH DATA ELEMENTS--GENERAL INFORMATION
fixed length control field 251211b |||||||| |||| 00| 0 eng d
020 ## - INTERNATIONAL STANDARD BOOK NUMBER
International Standard Book Number 978-93-92242-69-4
041 ## - LANGUAGE CODE
Language code of text/sound track or separate title Eng
082 ## - DEWEY DECIMAL CLASSIFICATION NUMBER
Edition number 1st ed. 2024
Classification number OG 610.73678 KAU
Item number B11975
100 ## - MAIN ENTRY--PERSONAL NAME
Author Kaur Ramandeep
245 ## - TITLE STATEMENT
Title Textbook of Midwifery/Obstetrics & Gynecology (OBG) Nursing - I
250 ## - EDITION STATEMENT
Edition statement 1st ed. 2024
260 ## - PUBLICATION, DISTRIBUTION, ETC.
Place of publication, distribution, etc. Punjab
Name of publisher, distributor, etc. VHS Publishers
Date of publication, distribution, etc. 2024
300 ## - PHYSICAL DESCRIPTION
Extent xiv,610p.
Other physical details pb
Dimensions 27.8x21cm
365 ## - TRADE PRICE
Price type code Rupaye
Price amount 850
Currency code INR
942 ## - ADDED ENTRY ELEMENTS (KOHA)
Koha item type Books
Holdings
Withdrawn status Lost status Source of classification or shelving scheme Damaged status Not for loan Collection code Home library Current library Date acquired Vendor Net Price Bill number Total Checkouts Full call number Barcode Date last seen Discount Actual Price Bill Date Koha item type Original Barcode Date due Date last checked out Total Renewals
    Dewey Decimal Classification   Reference Reference Smt. Bakul Tambat Institute of Nursing Education Smt. Bakul Tambat Institute of Nursing Education 18/11/2025 Patil Medical Book 527.00 2026   OG 610.73678 KAU B11975 BTIN-BK-11975 11/12/2025 38% 850.00 29/10/2025 Books BTIN-BK-11975      
    Dewey Decimal Classification     Non-fiction Smt. Bakul Tambat Institute of Nursing Education Smt. Bakul Tambat Institute of Nursing Education 18/11/2025 Patil Medical Book 527.00 2026 2 OG 610.73678 KAU B11976 BTIN-BK-11976 13/02/2026 38% 850.00 29/10/2025 Books BTIN-BK-11976 12/08/2026 13/02/2026  
    Dewey Decimal Classification     Non-fiction Smt. Bakul Tambat Institute of Nursing Education Smt. Bakul Tambat Institute of Nursing Education 18/11/2025 Patil Medical Book 527.00 2026 5 OG 610.73678 KAU B11977 BTIN-BK-11977 25/03/2026 38% 850.00 29/10/2025 Books BTIN-BK-11977 08/04/2026 25/03/2026  
    Dewey Decimal Classification     Non-fiction Smt. Bakul Tambat Institute of Nursing Education Smt. Bakul Tambat Institute of Nursing Education 18/11/2025 Patil Medical Book 527.00 2026 3 OG 610.73678 KAU B11978 BTIN-BK-11978 25/03/2026 38% 850.00 29/10/2025 Books BTIN-BK-11978 08/04/2026 25/03/2026 1
    Dewey Decimal Classification     Non-fiction Smt. Bakul Tambat Institute of Nursing Education Smt. Bakul Tambat Institute of Nursing Education 18/11/2025 Patil Medical Book 527.00 2026 3 OG 610.73678 KAU B11979 BTIN-BK-11979 25/03/2026 38% 850.00 29/10/2025 Books BTIN-BK-11979 08/04/2026 25/03/2026 1